| 000 | nam a22 a 4500 | ||
|---|---|---|---|
| 999 |
_c972 _d972 |
||
| 003 | AKMAL | ||
| 005 | 20170508101240.0 | ||
| 008 | 170508s1994 my 00 may d | ||
| 020 |
_a9676900664 (kkt.): _cRM 5.80 |
||
| 040 | _aAKMAL | ||
| 082 | 0 | 4 | _a297.22 JAN |
| 090 |
_a297.22 _bJAN |
||
| 100 | 1 |
_aJundul, Said _92059 |
|
| 245 | 1 | 0 |
_aWanita di bawah naungan Islam / _cSaid Abdul Aziz Al-Jandul |
| 260 |
_aBatu Caves : _bThinker's Library, _c1994 |
||
| 300 |
_aii, 115ms. ; _c19cm |
||
| 500 | _aMengandungi ayat-ayat dari al-Quran | ||
| 500 | _aJudul asal : al-jinsu naim fizhilli l-Islam | ||
| 650 |
_aMuslim women _92060 |
||
| 942 |
_2ddc _cBOOK |
||